000 00874nam a2200265 a 4500
999 _c491
_d491
001 491
003 BD-JhCC
005 20190704134014.0
008 171005s1998 bg 000 0 benod
020 _a9844100879
035 _a(BD-JhCC)491
040 _aDLC
_cDLC
_dBD-JhCC
041 _aeng
050 0 0 _aPK1717.B32
_bI55 1998
082 _a891.4409
_bELI 2005
100 1 _aইলিয়াস, আখতারুজ্জামান
245 1 0 _aসংস্কৃতির ভাঙা সেতু /
_cআখতারুজ্জামান ইলিয়াস
260 _aḌhākā :
_bMāolā Brādārsa,
_c1998.
300 _a188 p. ;
_c22 cm.
520 _aArticles on Bengali literature and culture.
650 0 _aBengali literature
_zBangladesh
_xHistory and criticism.
650 0 _aSociety and Culture
942 _2ddc
_cBK
_01